LEADER 00918nam0-22003131i-450 001 990007852960403321 005 20200424113939.0 010 $a8486926327 035 $a000785296 035 $aFED01000785296 100 $a20040128d1992----km-y0itay50------ba 101 0 $aspa 102 $aES 105 $ay-------001yy 200 1 $a<<1: >>Derecho judicial internacional$fJulio D. Gonzalez Campos y Jose Carlos Fernandez Rozas 205 $a2. ed 210 $aMadrid$cUniversidad Complutense$d1992 215 $a920 p.$d23 cm 461 1$1001IT\ICCU\TO0?163$12001 676 $a340.9$v11 rid.$zita 700 1$aGonzález Campos,$bJulio D.$0414068 701 1$aFernández Rozas,$bJosé Carlos$0421275 801 0$aIT$bUNINA$gRICA$2UNIMARC 901 $aBK 912 $a990007852960403321 952 $aC 78$bs.i.$fDSI 959 $aDSI 996 $aDerecho judicial internacional$9671338 997 $aUNINA LEADER 01689oam 2200433zu 450 001 9910142237703321 005 20210807000308.0 010 $a0-7381-0875-8 035 $a(CKB)1000000000035868 035 $a(SSID)ssj0000996504 035 $a(PQKBManifestationID)12346490 035 $a(PQKBTitleCode)TC0000996504 035 $a(PQKBWorkID)10978433 035 $a(PQKB)11748908 035 $a(WaSeSS)IndRDA00077732 035 $a(NjHacI)991000000000035868 035 $a(EXLCZ)991000000000035868 100 $a20160829d1998 uy 101 0 $aeng 135 $aur||||||||||| 181 $ctxt 182 $cc 183 $acr 200 00$a1998 IEEE Recommended Practice for Routine Impulse Test for Distribution Transformers 210 31$a[Place of publication not identified]$cIEEE$d1998 215 $a1 online resource (50 pages) 300 $aBibliographic Level Mode of Issuance: Monograph 311 $a0-7381-0176-1 330 $aGeneral test procedures for performing routine quality control test that is suitable for high-volume, production line testing. Transformer connections, test methods, circuit configurations, and failure detection methods are addressed. This recommended practice covers liquid-immersed, single-and three-phase distribution transformers. 606 $aElectric transformers$xStandards 606 $aStandards, Engineering 615 0$aElectric transformers$xStandards. 615 0$aStandards, Engineering. 676 $a621.314 801 0$bPQKB 906 $aDOCUMENT 912 $a9910142237703321 996 $a1998 IEEE Recommended Practice for Routine Impulse Test for Distribution Transformers$92806676 997 $aUNINA